00454nam a2200145Ia 4500003000900000008004100009020002600050020002700076040001600103100002500119245004700144260003200191300002000223856006500243IN-BaIIA211028s9999 xx s 000 0 eng d a9780819452948 (Print) a9780819478160 (Online) cIIA Library aGreivenkamp, John E. 0aField Guide to Geometrical Opticsh[eBook] aWashington, USAbSPIEc2004 aOnline resource uhttps://doi.org/10.1117/3.547461yClick Here to Access eBook